000 00516nam a2200169 i 4500
001 83903
003 ES-MaACL
005 20230906174919.0
007 t|
008 041118s1957 sp ||||1| spa d
100 1 _aIturbide, Emilio.
_965619
245 1 0 _aEvangelio de María
_b: vida de la Virgen /
_cEmilio Iturbide ; prólogo de Félix de Corta.
260 _aPamplona :
_bGómez,
_c[1957]
300 _a336 p., 19 lám. ;
_c19 cm.
700 1 _aCorta, Félix de.
_940804
852 _aES-MaACL
_jC-13728
_bR.41622
999 _c83903
_d83903